00949cam a2200253 a 450000100100000000500170001000800410002704000230006808200200009110000390011124500630015026000480021330000210026150000450028258600290032760000310035665000280038765000590041565000400047491000340051404900090054895201230055799900150068000000746520200929154159.0790524s1974 cu 001 e spa  aDO-SdBNPcDLCdDLC aPe864.44bH899N1 aNeira Samanez, Hugo,d1939-92075210aHuillca, habla un campesino peruano /cHugo Neira Samanez. aLa Habana :bCasa de las Américas,c1974. a217 p. ;c19 cm. a"Testimonios sobre Huillca": p. 175-217. aPremio testimonio, 1974.10aHuillca, Saturnino.920753 4aEnsayos peruanos920754 4aLiteratura peruanavENSAYOS, CONFERENCIAS, ETC.920755 4aLiteratura peruanaySIGLO XX914789 aCatalogación por copia / LC aBNGR 001052708MOaGRbGRcCTd2009-09-08iLF1l0oPe864.44 H899Np7465-10r2020-06-25w2020-06-25y2ZPréstamo interno c7246d7246